Sports Quiz

Random Sports or Football Quiz

2000 U.S. Men's Olympic Basketball Quiz Stats

 Plays Quiz not verified by Sporcle

Challenge
Share
Tweet
Embed
Score 0/13 Timer 03:00
0 Plays Today
Position Player % Correct
Power ForwardKevin Garnett
95.8%
Shooting Guard/Small ForwardVince Carter
89.8%
Point GuardGary Payton
89.3%
Shooting GuardRay Allen
84.2%
Shooting GuardAllan Houston
79.5%
Point GuardJason Kidd
78.1%
CenterAlonzo Mourning
77.7%
Point GuardTim Hardaway
62.8%
CoachRudy Tomjanovich
43.3%
Small Forward/Power ForwardShareef Abdur-Rahim
43.3%
Power ForwardAntonio McDyess
27.9%
Power Forward/CenterVin Baker
27%
Shooting GuardSteve Smith
22.8%

You're not logged in!

Compare scores with friends on all Sporcle quizzes.
Join for Free
OR
Log In

You Might Also Like...

Show Comments

Extras

Top Quizzes Today


Score Distribution

Your Account Isn't Verified!

In order to create a playlist on Sporcle, you need to verify the email address you used during registration. Go to your Sporcle Settings to finish the process.

Report this User

Report this user for behavior that violates our Community Guidelines.

Details: